Risky Map Clicking: States with Long Names Quiz Stats

 Plays Quiz Updated Aug 14, 2017

Score 0/13 Timer 02:00
18 Plays Today
% Correct
???
82.1%
???
67.8%
???
67.6%
???
66.2%
???
65.1%
???
59.5%
???
57%
???
55.5%
???
53%
???
50.8%
???
49.2%
???
44.9%
???
42.4%

You're not logged in!

Compare scores with friends on all Sporcle quizzes.
OR
Log In

You Might Also Like...

Show Comments

Extras

Top Quizzes Today


Score Distribution

Your Account Isn't Verified!

In order to create a playlist on Sporcle, you need to verify the email address you used during registration. Go to your Sporcle Settings to finish the process.

Report this User

Report this user for behavior that violates our Community Guidelines.

Details: